LIBRARY & INFORMATION CENTRE, KCAET, TAVANUR

ONLINE PUBLIC ACCESS CATALOGUE (OPAC)

When the world was young:Tales from Indias hills and forests / (Record no. 12856)

MARC details
000 -LEADER
fixed length control field 00412cam a2200145ua 4500
041 ## - LANGUAGE CODE
Language code of text/sound track or separate title eng
082 ## - DEWEY DECIMAL CLASSIFICATION NUMBER
Classification number 823.301
Item number ELW/WH
100 ## - MAIN ENTRY--AUTHOR NAME
Personal name Elwin, Verrier .
245 ## - TITLE STATEMENT
Title When the world was young:Tales from Indias hills and forests /
260 ## - PUBLICATION, DISTRIBUTION, ETC. (IMPRINT)
Place of publication India :
Name of publisher Ministry of I&B, Govt. of India ,
Year of publication 1961.
300 ## - PHYSICAL DESCRIPTION
Number of Pages 82 ; .
942 ## - ADDED ENTRY ELEMENTS (KOHA)
Koha item type Books
Holdings
Withdrawn status Lost status Damaged status Home library Current library Date acquired Full call number Accession Number Koha item type
Withdrawn     KAUAET Sanskrit University 07/04/2012 823.301 2723 Books
free website counter